Systémové řízení /

Saved in:
Bibliographic Details
Main Author: Kozminski, Andrzej (Author)
Other Authors: Tuma, R (Translator)
Format: Book
Language:Czech
Published: Praha : Svoboda, 1975
Subjects:
Tags: Add Tag
No Tags, Be the first to tag this record!

MARC

LEADER 00000nam a22000003a 4500
001 stu38098
005 20150617225728.8
008 920914s1975----cs------------------cze-d
040 |a STU  |b slo 
041 0 |a cze 
044 |a cs 
080 |a 65.012.4 
100 1 |a Kozminski, Andrzej  |4 aut 
245 1 |a Systémové řízení /  |c [aut.]Andrzej Kozminski; Z pol. R. Tuma 
260 |a Praha :  |b Svoboda,  |c 1975 
300 |a 151 s 
650 7 |a Riadenie systémové  |2 stusub 
700 1 |a Tuma, R  |4 trl 
996 |b 284M011915  |c M*5954-1  |l MMKN  |s A  |a 24  |w stu38098_0001 
996 |b 284M011914  |c M*5954-2  |l MMKN  |s A  |a 24  |w stu38098_0002